| 000 | 00551nam a2200205Ia 4500 | ||
|---|---|---|---|
| 005 | 20260429112152.0 | ||
| 008 | 260429s9999||||xx |||||||||||||| ||und|| | ||
| 020 | _a9789361310461 | ||
| 041 | _aEnglish | ||
| 082 |
_a820.9 _bALE |
||
| 100 | _aAlexander, Michael | ||
| 245 | 0 |
_aHistory of English literature / _cMichael Alexander |
|
| 250 | _a3rd ed. | ||
| 260 |
_aNew Delhi : _bBloomsbury, _c2022. |
||
| 300 | _axx, 443 p.; pbk | ||
| 440 | _aBloomsbury foundations series | ||
| 650 | _a History | ||
| 650 | _aEnglish literature | ||
| 942 | _cTB | ||
| 999 |
_c52699 _d52699 |
||